| 000 | 00443cam a2200193ua 4500 | ||
|---|---|---|---|
| 001 | 9270 | ||
| 005 | 20260515114440.0 | ||
| 008 | 150225n ii |||gr||||Z||||||eng | ||
| 040 | _cMAIN | ||
| 041 | _aeng | ||
| 082 | _a862 | ||
| 100 |
_aLall, R., _eAuthor. |
||
| 245 | 1 |
_aThomas Kyd the Spanish tragedy _cBy Ramji Lall |
|
| 250 | _a11th. | ||
| 260 |
_aNew Delhi: _bAarti, _c1995. |
||
| 300 | _a452p. | ||
| 653 | _aSpanish drama | ||
| 942 | _cBK | ||
| 999 |
_c8330 _d8330 |
||